Únava z Európy hovoríme s generálnym tajomníkom Európskej rady Svetového kongresu Slovákov Dušanom Klimom

Podrobná bibliografia
Hlavní autori: Ivaničková, Margita, 1953- (ain), Klimo, Dušan, 1945- (Autor)
Médium: Článok
Jazyk:slovenčina
ISSN:0862-5999
Predmet:

MARC

LEADER 00000nab a2200000 a 4500
001 vtls000778430
003 SK-MaSNL
005 20260304105814.0
008 250429c2001 xo 0 slo
015 |a SNBRB2002/01-00967 
035 |a CLN000130209 
035 |a urn:nbn:sk:snk-abagsz 
035 |a (urnnbn)urn:nbn:sk:snk:ar-008pbx 
035 |a (uuid)9bd340d2-01e5-43a8-8caf-22b9102ee111 
040 |a SNKBUCL  |b slo  |c SNKBUCL  |e AACR2 
041 0 |a slo 
044 |a xo  |c SK 
080 |a 327(430:4):327.39(4)  |2 1997 
080 |a 327.39(4)  |2 1997 
080 |a 301.173(4)  |2 1997 
100 1 |a Ivaničková, Margita,  |d 1953-  |4 ain  |9 105315 
245 1 0 |a Únava z Európy  |b hovoríme s generálnym tajomníkom Európskej rady Svetového kongresu Slovákov Dušanom Klimom  |c [zhovárala sa] Margita Ivaničková 
610 7 |a Európska únia  |2 snkbucl  |9 29861 
650 0 7 |a európska integrácia  |2 snkbucl  |9 2140 
651 7 |a Nemecko  |x integrácia európska  |2 snkbucl  |9 1407589 
655 7 |a články z novín a časopisov  |2 snkbucl  |9 267496 
700 1 |a Klimo, Dušan,  |d 1945-  |4 aut  |9 29070 
773 0 |t Literárny týždenník  |g Roč. 14, č. 34 (2001), s. 9  |x 0862-5999 
850 |a Slovenská národná knižnica 
852 |a Slovenská národná knižnica 
954 |a odborná, vedecká literatúra pôvodná (slovenská)  |2 lita 
958 |a article14 
958 |a DE 
958 |a OND 
958 |a EUIPO 
992 |a RBX 
999 |c 2857209  |d 2859139